000 00506nam a2200181 a 4500
001 1774864617472
003 YourLibrary
005 20260330153038.0
008 260330s2009##################000#0#eng##
020 _a9780195325522
082 0 4 _a361.00723
_bSTI
100 1 _aStiffman, Arlene Rubin,
_eauthor.
245 1 0 _aThe Field Research Survival Guide :
260 _bOxford University Press, USA,
_c2009.
650 0 _aSocial Science.
942 _cENGLISH
040 _aYourLibrary
_beng
_cYourLibrary
999 _c618348
_d618348